| 000 | 00637 a2200169 4500 | ||
|---|---|---|---|
| 999 |
_c5424 _d5424 |
||
| 010 | _aENG-86852 | ||
| 020 |
_a817994042X _c95.00 |
||
| 035 | _aEN-70385 | ||
| 037 | _bDBAD / PUB | ||
| 082 | 1 | 4 | _a220.21 |
| 100 | 1 | _aKashyap, R.L. | |
| 245 | 1 |
_aAgni in Rig veda : _cby R.L. Kashyap _bfirst 300 mantras by 12 Rishis, text in Devanagiri and roman, translation and notes / |
|
| 260 |
_aBangalore _bSri Aurobindo Kapali Sastry Inst. of Vedic Culture _c2006 |
||
| 270 |
_a 63, 13th Main, 4th Block East, Jayanagar _bBangalore _e560 011 _minfo@vedah.com |
||
| 300 |
_axvi, 192p _c22cm (Pbk) |
||
| 942 |
_adpl _cEN _2ddc _h220.021 _mKAS |
||